[Event "World Blitz Women 2025"]
[Site "Doha QAT"]
[Date "2025.12.29"]
[Round "10.40"]
[White "Mamedjarova, Zeinab"]
[Black "Khotenashvili, Bella"]
[Result "0-1"]
[WhiteTitle "WGM"]
[BlackTitle "GM"]
[WhiteElo "2155"]
[BlackElo "2426"]
[WhiteFideId "13401521"]
[BlackFideId "13602640"]
[EventDate "2025.12.29"]

1. d4 g6 2. Nf3 Bg7 3. Bf4 d6 4. e3 Nc6 5. Bg3 Nf6 6. Bc4 O-O 7. Nbd2 Qe8 8. O-O
e5 9. dxe5 dxe5 10. c3 Nh5 11. Bh4 h6 12. Ne1 Kh7 13. h3 f5 14. g4 fxg4 15. hxg4
Nf6 16. f3 e4 17. Bxf6 Bxf6 18. Nxe4 Bg7 19. Ng2 Ne5 20. Be2 Nxg4 21. Ng5+ hxg5
22. fxg4 Be6 23. a3 Qc6 24. Bf3 Qb6 25. Qe2 Qb3 26. Be4 Bc4 27. Bd3 Bxd3 28.
Qxd3 Qxb2 29. c4 Qe5 30. Rxf8 Rxf8 31. Rf1 Rxf1+ 32. Qxf1 Qe4 33. Qe2 a5 34. Ne1
a4 35. Nc2 c6 36. Ne1 Be5 37. Nf3 Qxg4+ 38. Kf1 Qh3+ 39. Ke1 Bc3+ 40. Kd1 Bf6
41. Kc2 Qf5+ 42. e4 Qc5 43. Qh2+ 0-1

[Event "World Blitz Women 2025"]
[Site "Doha QAT"]
[Date "2025.12.29"]
[Round "10.41"]
[White "Dwilewicz, Katarzyna"]
[Black "Vantika, Agrawal"]
[Result "0-1"]
[WhiteTitle "WFM"]
[BlackTitle "IM"]
[WhiteElo "2185"]
[BlackElo "2369"]
[WhiteFideId "1148486"]
[BlackFideId "25050389"]
[EventDate "2025.12.29"]

1. e4 c5 2. Nf3 d6 3. d4 cxd4 4. Nxd4 Nf6 5. Nc3 a6 6. g3 e5 7. Nb3 Be7 8. Bg5
Be6 9. Bxf6 Bxf6 10. Qd3 Be7 11. O-O-O O-O 12. f4 Nc6 13. f5 Bxb3 14. axb3 Nb4
15. Qf3 Qa5 16. Kb1 Rac8 17. Bc4 b5 18. Nd5 Qa2+ 19. Kc1 Bg5+ 20. Ne3 bxc4 21.
Rxd6 cxb3 22. Kd1 bxc2+ 23. Ke2 c1=Q 24. Rxc1 Rxc1 25. Rd2 Bxe3 26. Qxe3 Qc4+
27. Kf3 h5 28. Rf2 Rf1 29. f6 Rxf2+ 30. Kxf2 Qc2+ 31. Kf1 Qd3+ 0-1

[Event "World Blitz Women 2025"]
[Site "Doha QAT"]
[Date "2025.12.29"]
[Round "10.42"]
[White "Mkrtchian, Lilit"]
[Black "Kurmangaliyeva, Liya"]
[Result "0-1"]
[WhiteTitle "IM"]
[BlackTitle "FM"]
[WhiteElo "2366"]
[BlackElo "2339"]
[WhiteFideId "13300601"]
[BlackFideId "13725831"]
[EventDate "2025.12.29"]

1. Nf3 d5 2. b3 Nf6 3. Bb2 e6 4. c4 Bd6 5. g3 O-O 6. Bg2 c5 7. cxd5 exd5 8. d4
Nc6 9. O-O Re8 10. dxc5 Bxc5 11. Nc3 Bg4 12. Rc1 a6 13. Na4 Ba7 14. h3 Bh5 15.
Nc5 Ne4 16. Nxb7 Qd7 17. g4 Bg6 18. Rxc6 Qxc6 19. Na5 Qb5 20. Qe1 Bb6 21. b4
Bxa5 0-1

[Event "World Blitz Women 2025"]
[Site "Doha QAT"]
[Date "2025.12.29"]
[Round "10.43"]
[White "Chen, Yining"]
[Black "Rudzinska, Michalina"]
[Result "1-0"]
[WhiteTitle "FM"]
[BlackTitle "WGM"]
[WhiteElo "2278"]
[BlackElo "2206"]
[WhiteFideId "8620946"]
[BlackFideId "1172883"]
[EventDate "2025.12.29"]

1. d4 d5 2. c4 e6 3. Nc3 Nf6 4. cxd5 exd5 5. Bf4 Bb4 6. e3 O-O 7. Bd3 c5 8. dxc5
Bxc3+ 9. bxc3 Qa5 10. Be5 Nbd7 11. Bxf6 Nxf6 12. Ne2 Qxc5 13. O-O Bg4 14. Rc1
Rac8 15. h3 Bh5 16. g4 Bg6 17. Bxg6 fxg6 18. Ng3 Nd7 19. Qd4 Qa5 20. c4 Nb6 21.
c5 Na4 22. Qxd5+ Kh8 23. Ne4 Rcd8 24. Nd6 Rd7 25. Qe6 Qc7 26. Ne4 Re7 27. Qc4
Qc6 28. f3 Rc7 29. Kg2 b5 30. Qd4 Rd7 31. Nd6 a6 32. e4 Nxc5 33. Rxc5 Qxd6 34.
Rd5 Qa3 35. Rxd7 Qxa2+ 36. Rf2 Qe6 37. Rd8 Qf7 38. Rxf8+ Qxf8 39. Rd2 1-0

[Event "World Blitz Women 2025"]
[Site "Doha QAT"]
[Date "2025.12.29"]
[Round "10.44"]
[White "Krush, Irina"]
[Black "Zhapova, Yana"]
[Result "1-0"]
[WhiteTitle "GM"]
[BlackTitle "FM"]
[WhiteElo "2402"]
[BlackElo "2260"]
[WhiteFideId "2012782"]
[BlackFideId "24278670"]
[EventDate "2025.12.29"]

1. d4 Nf6 2. c4 e6 3. Nc3 Bb4 4. e3 O-O 5. Bd2 c5 6. a3 Bxc3 7. Bxc3 Ne4 8. Ne2
b6 9. d5 d6 10. Qd3 Nxc3 11. Nxc3 e5 12. Be2 f5 13. f4 Nd7 14. O-O a6 15. Qc2
Ra7 16. Bd3 e4 17. Be2 Nf6 18. b4 Bd7 19. bxc5 bxc5 20. Rfb1 Be8 21. h3 Bh5 22.
Bxh5 Nxh5 23. g4 fxg4 24. hxg4 Nxf4 25. Qxe4 Ng6 26. Rf1 Re8 27. Qf5 Rae7 28. e4
Rf8 29. Qg5 Rxf1+ 30. Rxf1 Qa5 31. Ne2 Qxa3 32. Qf5 Re8 33. Qf7+ 1-0

[Event "World Blitz Women 2025"]
[Site "Doha QAT"]
[Date "2025.12.29"]
[Round "10.45"]
[White "Shvedova, Alexandra"]
[Black "Jarocka, Liwia"]
[Result "0-1"]
[WhiteTitle "WIM"]
[BlackTitle "FM"]
[WhiteElo "2255"]
[BlackElo "2258"]
[WhiteFideId "54154782"]
[BlackFideId "21807558"]
[EventDate "2025.12.29"]

1. e4 d6 2. d4 Nf6 3. Nc3 e5 4. Nf3 Nbd7 5. Bc4 Be7 6. O-O O-O 7. h3 c6 8. a4 h6
9. Re1 Re8 10. Ba2 Bf8 11. Nh4 exd4 12. Qxd4 d5 13. Nf5 Bc5 14. Qd1 Ne5 15. Ng3
d4 16. Nce2 d3 17. Nf4 dxc2 18. Qxc2 Bd6 19. Be3 Qc7 20. Nfe2 Ng6 21. Rad1 Be6
22. Bxe6 Rxe6 23. Nd4 Ree8 24. Ndf5 Bf4 25. Bd4 Be5 26. Bc5 Rad8 27. b3 Nf4 28.
Rxd8 Rxd8 29. Rd1 Rxd1+ 30. Qxd1 Ne6 31. Ba3 Qd7 32. Qxd7 Nxd7 33. b4 Bf4 34.
Bb2 Be5 35. Bc1 Nb6 36. a5 Nc4 37. Ne2 Nd6 38. f3 Nxf5 39. exf5 Nd4 40. Nxd4
Bxd4+ 41. Kf1 Kf8 42. Ke2 Ke7 43. Kd3 Bf2 44. Bd2 Bh4 45. Ke4 Bf6 46. Be3 a6 47.
Bc5+ Kd7 48. f4 Bc3 49. g4 Ke8 50. g5 h5 51. Kd3 Be1 52. Ke3 Bc3 53. Ke2 Bb2 54.
Kd3 Bc1 55. Be3 Bxe3 56. Kxe3 0-1

[Event "World Blitz Women 2025"]
[Site "Doha QAT"]
[Date "2025.12.29"]
[Round "10.46"]
[White "Kairbekova, Amina"]
[Black "Savitha, Shri B"]
[Result "1-0"]
[WhiteTitle "WGM"]
[BlackTitle "IM"]
[WhiteElo "2353"]
[BlackElo "2334"]
[WhiteFideId "13712799"]
[BlackFideId "35061887"]
[EventDate "2025.12.29"]

1. e4 c5 2. Nf3 Nc6 3. Nc3 e6 4. d4 cxd4 5. Nxd4 Qc7 6. Be3 a6 7. a3 b5 8. Nxc6
dxc6 9. f4 Nf6 10. Bd3 e5 11. f5 Bb7 12. a4 b4 13. Nb1 c5 14. Nd2 Be7 15. b3 Rd8
16. Qe2 O-O 17. g4 c4 18. bxc4 Bc5 19. g5 Nd7 20. Nb3 Bxe3 21. Qxe3 Kh8 22. h4
Rc8 23. h5 Nc5 24. Nxc5 Qxc5 25. Qxc5 Rxc5 26. Ke2 Rd8 27. a5 Bc6 28. Rhb1 Rb8
29. Ra2 g6 30. hxg6 hxg6 31. f6 Bd7 32. Raa1 Be6 33. Rh1+ Kg8 34. Rh4 1-0

[Event "World Blitz Women 2025"]
[Site "Doha QAT"]
[Date "2025.12.29"]
[Round "10.47"]
[White "Luong Phuong Hanh"]
[Black "Fataliyeva, Ulviyya"]
[Result "1-0"]
[WhiteTitle "WIM"]
[BlackTitle "IM"]
[WhiteElo "2236"]
[BlackElo "2434"]
[WhiteFideId "12401013"]
[BlackFideId "13403052"]
[EventDate "2025.12.29"]

1. d4 d5 2. Nf3 Nf6 3. g3 g6 4. Bg2 Bg7 5. O-O O-O 6. c4 c6 7. Qb3 Ne4 8. Nc3
Nxc3 9. bxc3 Nd7 10. cxd5 cxd5 11. Qxd5 Qc7 12. Qb3 Nb6 13. Bf4 Qc4 14. Qxc4
Nxc4 15. Nd2 Nxd2 16. Bxd2 e5 17. d5 Rd8 18. Rab1 b6 19. Bg5 f6 20. Be3 Ba6 21.
Rfe1 Bc4 22. Rbd1 Bxa2 23. d6 Rac8 24. Ra1 Be6 25. Rxa7 Rxd6 26. Rb7 Rxc3 27.
Rb1 f5 28. Bxb6 e4 29. Ba5 Rc8 30. h4 Bd4 31. e3 Bf6 32. Bf1 Bd5 33. Ra7 h6 34.
Rd1 Be5 35. Bc7 Re6 36. Rxd5 Bxc7 37. Rc5 Re7 38. Ba6 Rb8 39. Rcxc7 Rxc7 40.
Rxc7 Rb6 41. Bc4+ Kf8 42. Kg2 Rf6 43. Ra7 g5 44. hxg5 hxg5 45. Ra5 Kg7 46. Ra7+
Kg6 47. Ra6 Rxa6 48. Bxa6 Kf6 49. Kf1 Ke5 50. Ke2 f4 51. exf4+ gxf4 52. g4 Kf6
53. Bb7 Kg5 54. Bxe4 Kxg4 55. f3+ Kg3 56. Kd3 1-0

[Event "World Blitz Women 2025"]
[Site "Doha QAT"]
[Date "2025.12.29"]
[Round "10.48"]
[White "Mkrtchyan, Mariam"]
[Black "Preobrazhenskaya, Diana"]
[Result "1-0"]
[WhiteTitle "WIM"]
[BlackTitle "WFM"]
[WhiteElo "2353"]
[BlackElo "2131"]
[WhiteFideId "13310828"]
[BlackFideId "34270566"]
[EventDate "2025.12.29"]

1. d4 Nf6 2. c4 e6 3. Nf3 b6 4. g3 Ba6 5. b3 Bb4+ 6. Bd2 Be7 7. Nc3 d5 8. cxd5
exd5 9. Bg2 O-O 10. O-O Re8 11. Rb1 Bd6 12. b4 Bc4 13. Re1 h6 14. Bf4 Bxf4 15.
gxf4 Ne4 16. Nxe4 dxe4 17. Ne5 Bd5 18. Qc2 f6 19. Ng4 Nc6 20. Qd2 Qd6 21. f5 Ne7
22. Ne3 Qf4 23. Qc2 Bb7 24. Rbc1 Nxf5 25. Qxc7 Qxc7 26. Rxc7 Nxe3 27. fxe3 Bd5
28. a3 Rec8 29. Rec1 Rxc7 30. Rxc7 f5 31. Bh3 Be6 32. Re7 Bc8 33. Re8+ Kf7 34.
Rh8 Kf6 35. Rf8+ Ke7 36. Rg8 Kf7 37. Rh8 Kg6 38. Rf8 Bb7 39. Bxf5+ Kg5 40. Rxa8
Bxa8 41. Be6 Kf6 42. Bc8 Bd5 43. Ba6 Kg5 44. Kg2 Kh4 45. Kf2 Kh3 46. Kg1 g5 47.
Bc8+ g4 48. Bf5 h5 49. Bd7 a5 50. Bf5 axb4 51. axb4 Bb7 52. Be6 Kh4 53. d5 Kg5
54. Kf2 Kf6 55. Kg3 Ke5 56. Bf7 Bxd5 57. Bxh5 Be6 58. Bxg4 Bf7 59. h4 Kd5 60.
Bd7 Kc4 61. b5 Bh5 62. Kf4 Bxe2 63. Kxe4 Kb4 64. Kd4 Bf3 65. e4 Be2 66. e5 Bf3
67. e6 Bg4 68. Kd5 Bh3 69. Kd6 Bxe6 70. Kxe6 Kc5 71. h5 1-0

[Event "World Blitz Women 2025"]
[Site "Doha QAT"]
[Date "2025.12.29"]
[Round "10.49"]
[White "Gaal, Zsoka"]
[Black "Krasteva, Beloslava"]
[Result "1-0"]
[WhiteTitle "IM"]
[BlackTitle "FM"]
[WhiteElo "2374"]
[BlackElo "2339"]
[WhiteFideId "777765"]
[BlackFideId "2922029"]
[EventDate "2025.12.29"]

1. d4 d6 2. Nf3 Nf6 3. g3 g6 4. Bg2 Bg7 5. b3 a5 6. Bb2 a4 7. O-O O-O 8. c4 axb3
9. axb3 Rxa1 10. Bxa1 c6 11. Nc3 d5 12. Ne5 Bf5 13. Bb2 Na6 14. cxd5 cxd5 15.
Qa1 Qb6 16. Nxd5 Nxd5 17. Bxd5 Nc7 18. Bc4 Ra8 19. Qc1 Bxe5 20. dxe5 Qc6 21. Rd1
Bh3 22. f3 Be6 23. Bxe6 Nxe6 24. Qxc6 bxc6 25. Ra1 Rb8 26. Ra3 Nc5 27. b4 Rxb4
28. Ra8+ Kg7 29. Bc3 Rb1+ 30. Kf2 Rc1 31. Bb2 Rc2 32. Bd4 Ne6 33. Ba1 c5 34. Ra7
Rc1 35. Ke3 c4 36. Kd2 Rb1 37. Bc3 Nc5 38. Rxe7 Nb3+ 39. Ke3 Rc1 40. Bb2 Rc2 41.
Ba3 Ra2 42. Bb4 Ra4 43. Bc3 Kf8 44. Rc7 Nc1 45. Kd2 Na2 46. Bd4 Rb4 47. Bc5+ 1-0

[Event "World Blitz Women 2025"]
[Site "Doha QAT"]
[Date "2025.12.29"]
[Round "10.50"]
[White "Nandhidhaa, P V"]
[Black "Gaboyan, Susanna"]
[Result "1-0"]
[WhiteTitle "WGM"]
[BlackTitle "WIM"]
[WhiteElo "2257"]
[BlackElo "2182"]
[WhiteFideId "5050847"]
[BlackFideId "13303627"]
[EventDate "2025.12.29"]

1. e4 c5 2. Nc3 Nc6 3. Nf3 e5 4. Bc4 d6 5. d3 Be7 6. Nd2 Bg5 7. h4 Bh6 8. Nf1
Bxc1 9. Qxc1 Nf6 10. Ne3 O-O 11. Qd2 Nd4 12. a4 Be6 13. Ncd5 Nxd5 14. Nxd5 Kh8
15. c3 Nc6 16. h5 f5 17. h6 g6 18. O-O-O a6 19. f4 b5 20. Ba2 bxa4 21. exf5 Rxf5
22. g4 Rxf4 23. Nxf4 Bxa2 24. Nh3 Na5 25. Qf2 a3 26. b4 Nb3+ 27. Kc2 cxb4 28.
Rhf1 Rc8 29. c4 Nd4+ 30. Kd2 b3 31. Qf7 Ne6 32. Qxe6 Qa5+ 33. Ke2 b2 34. Qf6+ 1-0

[Event "World Blitz Women 2025"]
[Site "Doha QAT"]
[Date "2025.12.29"]
[Round "10.51"]
[White "Machlik, Monika"]
[Black "Bodnaruk, Anastasia"]
[Result "0-1"]
[BlackTitle "IM"]
[WhiteElo "2084"]
[BlackElo "2357"]
[WhiteFideId "1513621"]
[BlackFideId "4181751"]
[EventDate "2025.12.29"]

1. d4 Nf6 2. c4 g6 3. Nc3 Bg7 4. g3 O-O 5. Bg2 Nc6 6. Nf3 d5 7. cxd5 Nxd5 8. O-O
Nb6 9. e3 Re8 10. b3 e5 11. dxe5 Qxd1 12. Rxd1 Nxe5 13. Nxe5 Bxe5 14. Bb2 c6 15.
Rd2 f5 16. Rad1 Be6 17. Ne2 Bxb2 18. Rxb2 a5 19. Nf4 Bf7 20. Rbd2 Kg7 21. h4 Kf6
22. Kf1 a4 23. bxa4 Rxa4 24. Rb2 Ra6 25. Rdb1 Nc4 26. Re2 b5 27. Kg1 Rd8 28. Rc1
Ne5 29. e4 Rxa2 30. Rxa2 Bxa2 31. exf5 gxf5 32. Ra1 Rd2 33. Nh5+ Kf7 34. f4 Ng4
35. Bxc6 Ne3 36. Re1 Nc2 37. Re5 b4 38. Rxf5+ Ke7 39. Re5+ Kd6 40. Be4 b3 41.
Ng7 b2 42. Nf5+ Kd7 43. Re7+ Kd8 44. Bxc2 Rxc2 45. Rb7 b1=Q+ 46. Rxb1 Bxb1 47.
Nd4 Rd2 48. Ne6+ Ke7 49. Ng5 h6 50. Nf3 Ra2 51. Ne5 Be4 52. g4 Kf6 53. Kf1 Ke6
54. Kg1 Kd5 55. Kf1 Kd4 56. Nf7 0-1

[Event "World Blitz Women 2025"]
[Site "Doha QAT"]
[Date "2025.12.29"]
[Round "10.52"]
[White "Atalik, Ekaterina"]
[Black "Rodriguez Redondo, Adhara"]
[Result "1/2-1/2"]
[WhiteTitle "IM"]
[BlackTitle "WFM"]
[WhiteElo "2349"]
[BlackElo "2207"]
[WhiteFideId "4130189"]
[BlackFideId "32065698"]
[EventDate "2025.12.29"]

1. d4 Nf6 2. c4 e6 3. Nf3 d5 4. Nc3 Bb4 5. cxd5 exd5 6. Bg5 h6 7. Bxf6 Qxf6 8.
e3 O-O 9. Qb3 c5 10. a3 Bxc3+ 11. bxc3 c4 12. Qb2 Nc6 13. Be2 Rb8 14. O-O Bf5
15. Nd2 Qg6 16. Rae1 b5 17. Bf3 Bd3 18. Be2 a5 19. Bxd3 Qxd3 20. e4 b4 21. axb4
axb4 22. Nb1 dxe4 23. Re3 bxc3 24. Qxc3 Qxd4 25. Qxd4 Nxd4 26. Rxe4 Rfd8 27. h3
f5 28. Re7 Rb3 29. Rc1 Kf8 30. Re5 Rc8 31. Nc3 Kf7 32. Kh2 Kf6 33. Ra5 Rb2 34.
Nd5+ Ke6 35. Nf4+ Kf7 36. Ra7+ Kg8 37. Nd5 Nc6 38. Rxc4 Nxa7 39. Ne7+ Kh7 40.
Nxc8 Nxc8 41. Rxc8 Rxf2 42. Rc6 Rd2 43. Ra6 Rd4 44. Rb6 h5 45. g3 Rd2+ 46. Kg1
g6 47. h4 Kg7 48. Ra6 Rd7 49. Kf2 Rd3 50. Rb6 Ra3 51. Rc6 Rb3 52. Ra6 Kh6 53.
Rc6 Rb4 54. Kf3 Rg4 55. Ra6 Kg7 56. Rb6 f4 57. gxf4 Rxh4 58. Kg3 Rg4+ 59. Kf3
Rg1 60. Ra6 Kh6 61. Rb6 h4 62. Kf2 Rg4 63. Kf3 Rg3+ 64. Kf2 Rc3 65. f5 Kg7 66.
Rxg6+ Kf7 67. Rh6 Rc5 68. Rxh4 Rxf5+ 69. Kg2 1/2-1/2

[Event "World Blitz Women 2025"]
[Site "Doha QAT"]
[Date "2025.12.29"]
[Round "10.53"]
[White "Berikkyzy Alanna"]
[Black "Priyanka, Nutakki"]
[Result "0-1"]
[WhiteTitle "WFM"]
[BlackTitle "WGM"]
[WhiteElo "2241"]
[BlackElo "2292"]
[WhiteFideId "13780719"]
[BlackFideId "25049615"]
[EventDate "2025.12.29"]

1. e4 e6 2. d4 d5 3. e5 c5 4. c3 Qa5 5. dxc5 Qc7 6. Nf3 Bxc5 7. Bd3 Nc6 8. Bf4
Nge7 9. Bg3 Bd7 10. a4 a6 11. O-O Ng6 12. b4 Ba7 13. Qe2 O-O 14. Nbd2 Rfc8 15.
Bxg6 hxg6 16. Nb3 Ne7 17. Rfc1 Qc4 18. Qb2 Nf5 19. Nbd2 Qg4 20. Nf1 Qc4 21. Qd2
Rc7 22. Qg5 Rac8 23. Rc2 Qd3 24. Rac1 Bxa4 25. Rd2 Qe4 26. Re1 Qc4 27. Rc1 d4
28. Qg4 dxc3 29. Qxc4 Rxc4 30. Ra2 Bb5 31. Rac2 Ba4 32. Ra2 Bc6 33. Ne1 Bd5 34.
Rac2 Nd4 35. Ra2 Rxb4 36. Raa1 Ne2+ 37. Kh1 Nxc1 38. Rxc1 Rb2 39. Nd3 Rb5 40.
Bf4 c2 41. Ne3 Be4 42. Ne1 Rb1 43. Ng4 Rxc1 44. Bxc1 b5 45. f3 Bd5 46. Nd3 a5
47. Ngf2 Bxf2 48. Nxf2 b4 49. Nd3 b3 50. Nb2 Bc6 51. Kg1 a4 52. Nc4 Rd8 53. Ne3
Rd1+ 0-1

[Event "World Blitz Women 2025"]
[Site "Doha QAT"]
[Date "2025.12.29"]
[Round "10.54"]
[White "Olde, Margareth"]
[Black "Aydin, Gulenay"]
[Result "0-1"]
[WhiteTitle "WIM"]
[BlackTitle "WIM"]
[WhiteElo "2214"]
[BlackElo "2259"]
[WhiteFideId "4503082"]
[BlackFideId "34557431"]
[EventDate "2025.12.29"]

1. d4 Nf6 2. c4 g6 3. Nc3 Bg7 4. e4 d6 5. h3 Nbd7 6. Be3 e5 7. d5 Nc5 8. f3 a5
9. Nge2 c6 10. g4 h5 11. Rg1 Qc7 12. Qd2 hxg4 13. hxg4 a4 14. Ng3 Bd7 15. O-O-O
cxd5 16. exd5 Qa5 17. Kb1 Kf8 18. g5 Nh5 19. Nge4 Nxe4 20. Nxe4 Bf5 21. Ka1 Bxe4
22. fxe4 Nf4 23. c5 dxc5 24. Qc2 b6 25. d6 Rd8 26. d7 Qa7 27. Bb5 Qc7 28. Rgf1
Ke7 29. Qd2 Ne6 30. Qd5 Rh2 31. Rf3 Rh4 32. Rdf1 Nf4 33. Bxf4 exf4 34. Bc4 Qe5
35. Qxf7+ Kd6 36. Rd1+ Kc7 37. Rf2 a3 38. Qd5 axb2+ 39. Kb1 Qxd5 40. Bxd5 Rxd7
41. a4 Be5 42. Ka2 Rh3 43. Rc2 Kd8 44. Rf1 Ra7 45. Bc6 Kc7 46. Rd1 Kxc6 0-1

[Event "World Blitz Women 2025"]
[Site "Doha QAT"]
[Date "2025.12.29"]
[Round "10.55"]
[White "Zhurova, Anna"]
[Black "Ismayil, Malak"]
[Result "0-1"]
[WhiteTitle "WFM"]
[BlackTitle "WIM"]
[WhiteElo "2299"]
[BlackElo "2138"]
[WhiteFideId "54113075"]
[BlackFideId "13412604"]
[EventDate "2025.12.29"]

1. e4 e5 2. Nf3 Nc6 3. Bb5 a6 4. Ba4 b5 5. Bb3 Bb7 6. O-O Nf6 7. Nc3 Be7 8. d3
O-O 9. a4 b4 10. Nd5 Na5 11. Ba2 Nxd5 12. exd5 d6 13. c3 b3 14. Bxb3 Nxb3 15.
Qxb3 Rb8 16. Qc4 f5 17. Bd2 Kh8 18. Rae1 g5 19. Re2 Bf6 20. Bc1 Qe7 21. Qa2 Rg8
22. Nd2 Qf7 23. c4 Bc8 24. f3 Bd7 25. b3 h5 26. Bb2 Rbe8 27. d4 exd4 28. Ref2
Re3 29. Qa1 Qg7 30. Rd1 Rge8 31. b4 g4 32. fxg4 Qxg4 33. Nf1 R3e4 34. Ng3 Qxd1+
35. Qxd1 Re1+ 36. Rf1 Rxd1 37. Rxd1 h4 38. Nh5 Be5 39. Bxd4 Bxd4+ 40. Rxd4 Bxa4
41. Kf2 Rf8 42. c5 Bb5 43. Nf4 Re8 44. Ne6 c6 45. cxd6 cxd5 46. Nf4 Bd7 47. Rxd5
Kg7 48. Ra5 Re4 49. Rxa6 Rxf4+ 50. Ke3 Re4+ 51. Kf3 Kf6 52. Ra7 Ke6 53. Rb7 Rd4
54. Ke3 Rxd6 55. Rb8 Rd1 56. Rh8 Re1+ 57. Kf2 Re4 58. Rh6+ Ke5 59. Rb6 Be6 60.
Rb8 Rc4 61. b5 Rb4 62. b6 Bd5 63. Re8+ Kd4 64. Rh8 Rxb6 65. Rxh4+ Ke5 66. g3
Rb2+ 67. Ke3 Rb3+ 68. Ke2 Be4 69. Rh8 Kd4 70. Rd8+ Bd5 71. Kf2 Rb2+ 72. Ke1 Rxh2
73. Rf8 Be4 74. Kf1 Ke3 75. Kg1 Rh1# 0-1

[Event "World Blitz Women 2025"]
[Site "Doha QAT"]
[Date "2025.12.29"]
[Round "10.56"]
[White "Kirtadze, Anastasia"]
[Black "Karimova, Guldona"]
[Result "1-0"]
[WhiteTitle "WIM"]
[BlackTitle "WIM"]
[WhiteElo "2281"]
[BlackElo "2288"]
[WhiteFideId "13622714"]
[BlackFideId "14210410"]
[EventDate "2025.12.29"]

1. e4 c5 2. Nf3 g6 3. g3 Bg7 4. Bg2 Nc6 5. O-O b5 6. a4 b4 7. c3 d6 8. d4 cxd4
9. cxd4 Bg4 10. Be3 Qd7 11. Qd3 e5 12. d5 Nce7 13. Nbd2 f5 14. Ng5 fxe4 15.
Ndxe4 Rd8 16. h3 Bf5 17. g4 Bxe4 18. Bxe4 Rb8 19. Ne6 Bf8 20. f4 Nf6 21. fxe5
Nxe4 22. Qxe4 dxe5 23. Qxe5 Rc8 24. Qxh8 Qxd5 25. Rxf8+ Kd7 26. Nc5+ Kc7 27.
Rxc8+ Nxc8 28. Qg7+ Kb8 29. Na6+ 1-0

[Event "World Blitz Women 2025"]
[Site "Doha QAT"]
[Date "2025.12.29"]
[Round "10.57"]
[White "Serikbay, Assel"]
[Black "Dimitrijevic, Aleksandra"]
[Result "1/2-1/2"]
[WhiteTitle "WIM"]
[BlackTitle "WGM"]
[WhiteElo "2221"]
[BlackElo "2063"]
[WhiteFideId "13706799"]
[BlackFideId "929239"]
[EventDate "2025.12.29"]

1. d4 Nf6 2. c4 g6 3. Nc3 d5 4. cxd5 Nxd5 5. e4 Nxc3 6. bxc3 c5 7. Nf3 Bg7 8.
Be2 Nc6 9. Be3 Bg4 10. e5 cxd4 11. cxd4 Qa5+ 12. Nd2 Bxe2 13. Qxe2 Rd8 14. O-O
O-O 15. Nb3 Qd5 16. Rac1 b6 17. Rfd1 Nb4 18. Qd2 a5 19. Rc7 Rc8 20. Rdc1 Rxc7
21. Rxc7 e6 22. Rc1 Rd8 23. Bg5 Rb8 24. h4 h6 25. Bxh6 Bxh6 26. Qxh6 Nxa2 27.
Rb1 Nc3 28. Rb2 a4 29. Qc1 a3 30. Rc2 Ne2+ 31. Rxe2 Qxb3 32. Re3 Qb2 33. Qxb2
axb2 34. Rb3 Rd8 35. Rxb2 Rxd4 36. g3 Rd5 37. Rxb6 Rxe5 38. Kg2 Kg7 39. Kf3 Rf5+
40. Ke3 Ra5 41. Kf3 Ra3+ 42. Kg2 Kf6 43. Rc6 Kg7 44. Rb6 1/2-1/2

[Event "World Blitz Women 2025"]
[Site "Doha QAT"]
[Date "2025.12.29"]
[Round "10.58"]
[White "Zherebtsova, Alexandra"]
[Black "Miranda Rodriguez, Tania"]
[Result "1-0"]
[WhiteTitle "FM"]
[BlackTitle "WIM"]
[WhiteElo "2307"]
[BlackElo "2051"]
[WhiteFideId "24129518"]
[BlackFideId "3510417"]
[EventDate "2025.12.29"]

1. d4 d5 2. Bf4 c5 3. e3 Nc6 4. Nf3 Nf6 5. Nbd2 cxd4 6. exd4 a6 7. c3 Bf5 8. h3
h6 9. Ne5 g5 10. Bh2 Bg7 11. Nxc6 bxc6 12. Nb3 Nd7 13. Bd3 Bxd3 14. Qxd3 O-O 15.
O-O e5 16. dxe5 Nxe5 17. Bxe5 Bxe5 18. Nd4 Rc8 19. Nf5 Qf6 20. Rfe1 Rce8 21. Ne3
Bb8 22. Qxa6 Qd6 23. g3 Qd7 24. Qf1 f5 25. Nc2 Qd6 26. Rxe8 Rxe8 27. Re1 Rf8 28.
Qg2 f4 29. Nd4 c5 1-0

[Event "World Blitz Women 2025"]
[Site "Doha QAT"]
[Date "2025.12.29"]
[Round "10.59"]
[White "Zhang, Lanlin"]
[Black "Sharma, Isha"]
[Result "1-0"]
[WhiteTitle "WIM"]
[BlackTitle "WIM"]
[WhiteElo "2291"]
[BlackElo "2245"]
[WhiteFideId "8608032"]
[BlackFideId "35006665"]
[EventDate "2025.12.29"]

1. e4 e5 2. Nf3 Nc6 3. Bb5 a6 4. Ba4 Nf6 5. O-O b5 6. Bb3 Bc5 7. d3 h6 8. a4 Rb8
9. axb5 axb5 10. Nc3 d6 11. h3 O-O 12. Ne2 Nh5 13. c3 Qf6 14. Nh2 Qg6 15. Kh1
Kh8 16. d4 Bb6 17. Bc2 Qf6 18. d5 Ne7 19. Be3 Ng6 20. Bxb6 Rxb6 21. Qd2 Nhf4 22.
Nxf4 Nxf4 23. Qe3 Qg6 24. Rg1 Nxd5 25. Qf3 Nf4 26. Ra7 Rb7 27. Rga1 c5 28. Nf1
Qe6 29. Ng3 Qe7 30. Ra8 Be6 31. Nf5 Bxf5 32. exf5 Rbb8 33. R8a7 Qg5 34. Kh2 Nh5
35. Rd7 Rbd8 36. Rb7 Qd2 1-0

[Event "World Blitz Women 2025"]
[Site "Doha QAT"]
[Date "2025.12.29"]
[Round "10.60"]
[White "Wafa, Shahenda"]
[Black "Yakubbaeva, Nilufar"]
[Result "1-0"]
[WhiteTitle "WGM"]
[BlackTitle "WGM"]
[WhiteElo "2074"]
[BlackElo "2229"]
[WhiteFideId "10609962"]
[BlackFideId "14204487"]
[EventDate "2025.12.29"]

1. e4 c6 2. d4 d5 3. Nc3 dxe4 4. Nxe4 Nf6 5. Nxf6+ gxf6 6. c3 Bf5 7. Bd3 Bg6 8.
h4 e6 9. h5 Bxd3 10. Qxd3 Bd6 11. Be3 Nd7 12. O-O-O Qc7 13. Nf3 O-O-O 14. Kb1 f5
15. Nd2 Bf4 16. g3 Bxe3 17. Qxe3 Nf6 18. Nc4 Ne4 19. g4 Nd6 20. Nxd6+ Qxd6 21.
gxf5 exf5 22. Qg5 Qd5 23. Rhe1 Rhe8 24. Qg7 f4 25. Qxh7 Rh8 26. Qe4 Rxh5 27.
Qxf4 Rf5 28. Qg4 Kb8 29. c4 Qd7 30. f3 a6 31. Qe4 Rh5 32. a3 Rdh8 33. d5 Rh2 34.
dxc6 Qxc6 35. Qxc6 bxc6 36. Re7 Rf2 37. Rxf7 Kc8 38. Rdd7 Rhh2 39. Rc7+ Kd8 40.
Rb7 Kc8 41. Rfc7+ Kd8 42. Rxc6 Rxf3 43. Rxa6 Rf1+ 44. Ka2 Kc8 45. Rg7 Rff2 46.
Ra8# 1-0